| 000 | 00747cam a2200265 a 4500 | ||
|---|---|---|---|
| 001 | 14328353 | ||
| 005 | 20180123044843.0 | ||
| 008 | 060404s2004 dcua b 000 0 eng | ||
| 010 | _a 2004105545 | ||
| 020 | _a1928896162 | ||
| 035 | _a(OCoLC)ocm59360467 | ||
| 040 |
_aDLC _cDLC _dDLC |
||
| 041 | _aeng | ||
| 042 | _apcc | ||
| 080 | _a372.21 KOR | ||
| 082 | 0 | 0 |
_a372.21 KOR _222 |
| 100 | _a46 | ||
| 101 | _aEDU | ||
| 245 | 0 | 0 |
_aSpotlight on young children and play / _cDerry Koralek, editor. |
| 246 | 3 | 0 | _aYoung children and play |
| 504 | _aIncludes bibliographical references. | ||
| 906 |
_a7 _bcbc _corignew _d2 _encip _f20 _gy-gencatlg |
||
| 942 |
_2ddc _cBK |
||
| 999 |
_c40759 _d40759 |
||